000 00365 a2200145 4500
001 156912
020 _a8586740373
040 _cEscola São Tomás de Aquino
100 _aVENEZA, Maurício
240 1 0 _aO balão de bolinhas
_lpor
245 1 0 _aO balão de bolinhas
362 0 _a1999
697 _aDesenho gráfico, ilustrações, arte comercial
942 _cBK
999 _c156912
_d156912